Finanční řízení firmy (podniku) v tržní ekonomice. 3.
Postup finančnej analýzy. Pomerové ukazovatele a komparatívna analýza. Ukazovatele likvidity. Ukazovatele aktivity a ich výpočet. Ukazovatele zadlženosti, výnosnosti (ziskovosti), trhovej hodnoty. Trendová analýza. Systém ukazovateľov DuPont. Pyramídová sústava finančných ukazovateľov. Úskalia finan...
Salvato in:
| Autore principale: | |
|---|---|
| Natura: | Capitolo di libro |
| Lingua: | ceco |
| Soggetti: | |
| Tags: |
Nessun Tag, puoi essere il primo ad aggiungerne!!
|
MARC
| LEADER | 00000naa a2200000 4500 | ||
|---|---|---|---|
| 001 | r010665 | ||
| 005 | 20220831090636.2 | ||
| 041 | 0 | |a cze | |
| 044 | |a [CS] | ||
| 245 | 1 | 0 | |a Finanční řízení firmy (podniku) v tržní ekonomice. 3. |c Miloslav Synek |
| 520 | |a Postup finančnej analýzy. Pomerové ukazovatele a komparatívna analýza. Ukazovatele likvidity. Ukazovatele aktivity a ich výpočet. Ukazovatele zadlženosti, výnosnosti (ziskovosti), trhovej hodnoty. Trendová analýza. Systém ukazovateľov DuPont. Pyramídová sústava finančných ukazovateľov. Úskalia finančnej analýzy. | ||
| 610 | 2 | 0 | |a financie podnikové |
| 610 | 2 | 0 | |a analýza ekonomická |
| 610 | 2 | 0 | |a analýza komparatívna |
| 610 | 2 | 0 | |a analýza pyramídová |
| 610 | 2 | 0 | |a ukazovatele finančné |
| 610 | 2 | 0 | |a porovnanie medzipodnikové |
| 610 | 2 | 0 | |a súvaha |
| 610 | 2 | 0 | |a výsledovka |
| 100 | 1 | |a Synek, Miloslav | |